000
00316nam a22001337a 4500
008
170504b xxu||||| |||| 00| 0 eng d
020
_a
9781588260703
041
_a
eng
080
_a
341
100
_a
13
101
_a
SHJ
245
_a
UNITED NATIONS TOWARD INTERNATIONAL JUSTICE
_c
WHITE.N.D
942
_2
udc
_c
BK
999
_c
12631
_d
12631